[Event "7. Lichtenberger Sommer"]
[Site "Berlin"]
[Date "2008.08.23"]
[Round "8.27"]
[White "Mai, Andreas"]
[Black "Rozov, Boris"]
[Result "0-1"]
[WhiteElo "1899"]
[BlackElo "2155"]
[PlyCount "96"]
[EventDate "2008.??.??"]
[WhiteTeam "SC Friesen Lichtenberg e.V."]
[BlackTeam "SV Dresden-Leuben"]

1. e4 c6 2. d4 d5 3. f3 dxe4 4. fxe4 e5 5. c3 Nf6 6. Bg5 Be7 7. Bxf6 Bxf6 8. d5
Qb6 9. Qd2 cxd5 10. exd5 O-O 11. Na3 Rd8 12. O-O-O Be6 13. Bc4 Qc5 14. Qd3 g6
15. Qf3 Bf5 16. h4 e4 17. Qe2 Bxc3 18. g4 Bd7 19. h5 g5 20. Kb1 Bh8 21. h6 Qb6
22. Bb3 Na6 23. Nh3 Nc5 24. Nxg5 Nxb3 25. axb3 Qxb3 26. Rd2 Re8 27. Rf1 f6 28.
Nxe4 Re7 29. Rf4 Rae8 30. Rd3 Qb4 31. Re3 Qb6 32. Nc4 Qc7 33. Qf2 Rf8 34. Ncd6
Qd8 35. Nxb7 Qe8 36. Nbd6 Qg6 37. Qh4 Re5 38. Kc1 Rxd5 39. Ref3 f5 40. Rf1 Rb8
41. Qe7 Bxb2+ 42. Kc2 Ba4+ 43. Kb1 Bf6+ 44. Ka2 Bxe7 45. gxf5 Qh5 46. Rg1+ Kf8
47. Rg2 Qd1 48. Nc4 Qb1# 0-1

[Event "7. Lichtenberger Sommer"]
[Site "Berlin"]
[Date "2008.08.23"]
[Round "8.28"]
[White "Schleich, Theodor"]
[Black "Kurzweil, Thomas"]
[Result "1-0"]
[WhiteElo "2099"]
[BlackElo "1985"]
[PlyCount "61"]
[EventDate "2008.??.??"]
[WhiteTeam "FC Bayern München e.V."]
[BlackTeam "Spgem Kötz/Ichenhausen"]

1. d4 d5 2. Bg5 c6 3. Nc3 Bf5 4. e3 Nd7 5. Bd3 Bg6 6. Nf3 Ngf6 7. O-O e6 8. Ne5
Bxd3 9. cxd3 Be7 10. f4 Nxe5 11. fxe5 Nd7 12. Bxe7 Qxe7 13. Qg4 f5 14. Qh5+ g6
15. Qh6 O-O-O 16. Rab1 g5 17. b4 Rhg8 18. e4 dxe4 19. dxe4 f4 20. b5 Rg6 21.
Qh5 c5 22. b6 Nxb6 23. Nb5 Kb8 24. Rfc1 cxd4 25. Qd1 Nc8 26. Nxd4 Ka8 27. Qb3
g4 28. Nc6 Qd7 29. Nxd8 Qd4+ 30. Kh1 Nb6 31. Rc8+ 1-0

[Event "7. Lichtenberger Sommer"]
[Site "Berlin"]
[Date "2008.08.23"]
[Round "8.29"]
[White "Bukowski, Henryk"]
[Black "Keusch, Horst"]
[Result "1-0"]
[WhiteElo "2175"]
[BlackElo "1925"]
[PlyCount "93"]
[EventDate "2008.??.??"]
[WhiteTeam "BSC Rehberge 1945 e.V."]
[BlackTeam "SC Friesen Lichtenberg e.V."]

1. e4 e6 2. d4 d5 3. Nc3 Bb4 4. e5 c5 5. a3 Bxc3+ 6. bxc3 Qc7 7. Nf3 Ne7 8. Bd3
b6 9. O-O Ba6 10. a4 Bxd3 11. Qxd3 Nbc6 12. Ba3 c4 13. Qd2 Kd7 14. Bd6 Qd8 15.
Ng5 Qg8 16. Rfb1 h6 17. Nf3 Nf5 18. a5 Nxd6 19. exd6 f6 20. Qf4 Rb8 21. axb6
axb6 22. h4 Qh7 23. Qg3 g5 24. Ra6 b5 25. Ra2 Rb7 26. Rab2 Rhb8 27. Re1 Qf5 28.
Nh2 b4 29. Reb1 b3 30. hxg5 hxg5 31. Ng4 Rb6 32. Rc1 Na5 33. Ne3 Qg6 34. f4 Rh8
35. f5 exf5 36. Ra1 Rb5 37. Qf3 f4 38. Nxd5 Kxd6 39. Nb4 Qe8 40. cxb3 cxb3 41.
c4 Nxc4 42. Ra6+ Ke7 43. Re2+ Ne3 44. Rxe3+ fxe3 45. Qxf6+ Kd7 46. Qd6+ Kc8 47.
Ra8+ 1-0

[Event "7. Lichtenberger Sommer"]
[Site "Berlin"]
[Date "2008.08.23"]
[Round "8.30"]
[White "Schink, Barbara"]
[Black "Paul, Reinhart"]
[Result "1-0"]
[WhiteElo "2046"]
[BlackElo "2155"]
[PlyCount "125"]
[EventDate "2008.??.??"]
[WhiteTeam "Strassenbahn Graz"]
[BlackTeam "CFC Hertha 06 e.V."]

1. e4 e5 2. Nf3 Nc6 3. Bb5 a6 4. Ba4 Nf6 5. O-O Be7 6. Re1 b5 7. Bb3 O-O 8. d4
d6 9. c3 Na5 10. Bc2 Bg4 11. d5 h6 12. h3 Bh5 13. Nbd2 c5 14. b3 Rc8 15. Nf1
Qd7 16. Ng3 Bg6 17. Nh4 Nh7 18. Nhf5 Bg5 19. h4 Bxc1 20. Rxc1 Nf6 21. Qf3 Nb7
22. Nxh6+ gxh6 23. Qxf6 Qd8 24. Qxd8 Nxd8 25. Bd1 Rc7 26. Bg4 Kg7 27. Re3 Rh8
28. h5 Bh7 29. Rf3 f6 30. Bf5 Nf7 31. Bxh7 Rxh7 32. Nf5+ Kf8 33. Nxd6 Nxd6 34.
Rxf6+ Nf7 35. Rxa6 Ng5 36. Ra8+ Ke7 37. f3 Rg7 38. Kf2 Nf7 39. Rd1 Rg5 40. g4
Rg7 41. Rb8 Nd6 42. Rh8 Rf7 43. Rxh6 Nxe4+ 44. Ke3 Nd6 45. Re6+ Kd7 46. Rxe5
Ra7 47. Rd2 Ra3 48. h6 b4 49. Rh5 bxc3 50. Rc2 Rh7 51. Kf4 Nb5 52. Kg5 c4 53.
Kg6 cxb3 54. axb3 Rh8 55. Kg7 Raa8 56. h7 Rac8 57. f4 Kd6 58. b4 Kd7 59. Re5
Kd6 60. g5 Rhf8 61. g6 Rxf4 62. Rh5 Nd4 63. Rxc3 1-0

[Event "7. Lichtenberger Sommer"]
[Site "Berlin"]
[Date "2008.08.23"]
[Round "8.31"]
[White "Tiemer, Klaus"]
[Black "Maahs, Erich"]
[Result "0-1"]
[WhiteElo "1906"]
[BlackElo "2157"]
[PlyCount "69"]
[EventDate "2008.??.??"]
[WhiteTeam "TSG Oberschöneweide e.V."]
[BlackTeam "SC Concordia SAbt Palame"]

1. d4 d5 2. c4 dxc4 3. Nf3 Nf6 4. e3 a6 5. Bxc4 e6 6. O-O b5 7. Bb3 Bb7 8. Qe2
Nbd7 9. a4 bxa4 10. Bxa4 Bd6 11. Nc3 O-O 12. e4 e5 13. d5 Nc5 14. Bc2 a5 15.
Re1 Qb8 16. Nh4 Bc8 17. h3 h6 18. Qf3 Kh7 19. g4 Ng8 20. Nf5 Nb3 21. Bxb3 Qxb3
22. g5 g6 23. Nxd6 cxd6 24. gxh6 Bd7 25. Qg3 f5 26. exf5 Bxf5 27. f4 Nf6 28.
fxe5 Nh5 29. Qe3 dxe5 30. Qxe5 Rf6 31. Kh2 Raf8 32. Ra3 Qb6 33. Qe3 Qd6+ 34.
Qe5 Qd8 35. Ne4 0-1

[Event "7. Lichtenberger Sommer"]
[Site "Berlin"]
[Date "2008.08.23"]
[Round "8.32"]
[White "Fischer, Daniel"]
[Black "Lichey, Dustin"]
[Result "1/2-1/2"]
[WhiteElo "2094"]
[BlackElo "1861"]
[PlyCount "84"]
[EventDate "2008.??.??"]
[WhiteTeam "SK Oberkirch"]
[BlackTeam "1. Schachclub Anhalt"]

1. g3 Nf6 2. Bg2 e5 3. c4 c6 4. d4 Bb4+ 5. Bd2 Bxd2+ 6. Qxd2 exd4 7. Qxd4 d5 8.
Nc3 dxc4 9. Qxc4 Be6 10. Qa4 O-O 11. Nf3 Qb6 12. Qc2 Nbd7 13. O-O Rad8 14. Na4
Qb4 15. Ng5 Bc4 16. b3 Bb5 17. Nc3 h6 18. Nf3 Rfe8 19. Nxb5 Qxb5 20. e3 Ne5 21.
Nd4 Qa5 22. Rfc1 Nd5 23. a3 g6 24. b4 Qb6 25. Rab1 Ng4 26. Qc5 Nc7 27. a4 Ne6
28. Nxe6 Rxe6 29. Bh3 f5 30. Qc4 Rdd6 31. Bxg4 fxg4 32. Qxg4 Kg7 33. Rd1 Qc7
34. Rxd6 Qxd6 35. Rd1 Qe7 36. Qd4+ Kf7 37. Qf4+ Kg7 38. Rd4 g5 39. Qb8 Rxe3 40.
Qc8 Re1+ 41. Kg2 Qf7 42. h4 Re2 1/2-1/2

[Event "7. Lichtenberger Sommer"]
[Site "Berlin"]
[Date "2008.08.23"]
[Round "8.33"]
[White "Exler, Veronika"]
[Black "Alihodzic, Ahmo"]
[Result "1-0"]
[WhiteElo "2011"]
[BlackElo "1954"]
[PlyCount "49"]
[EventDate "2008.??.??"]
[WhiteTeam "SC Donaustadt Wien"]

1. e4 g6 2. d4 Bg7 3. f4 d6 4. Nf3 c6 5. Nc3 e6 6. Bd3 Ne7 7. Be3 Qa5 8. O-O
O-O 9. Qe1 f5 10. e5 d5 11. Qh4 Re8 12. a3 a6 13. Kh1 Nd7 14. b4 Qd8 15. a4 Nf8
16. b5 Qa5 17. Bd2 Qc7 18. bxa6 bxa6 19. a5 c5 20. dxc5 Qxc5 21. Na4 Qc7 22.
Nb6 Rb8 23. Bb4 Rxb6 24. axb6 Qxb6 25. Bxe7 1-0

[Event "7. Lichtenberger Sommer"]
[Site "Berlin"]
[Date "2008.08.23"]
[Round "8.34"]
[White "Kornrumpf, Joachim"]
[Black "Windolf, Mario"]
[Result "1-0"]
[WhiteElo "2121"]
[BlackElo "1839"]
[PlyCount "81"]
[EventDate "2008.??.??"]
[WhiteTeam "Preetzer TSV"]
[BlackTeam "1. Schachclub Anhalt"]

1. b3 Nf6 2. c4 d6 3. Bb2 g6 4. e3 Bg7 5. Nf3 O-O 6. Be2 c5 7. d4 Nbd7 8. O-O
a6 9. Nbd2 Qc7 10. Qc2 Re8 11. Rfd1 Rb8 12. Rac1 b6 13. e4 cxd4 14. Bxd4 Bb7
15. Bf1 e5 16. Bb2 Nc5 17. Re1 h6 18. b4 Ne6 19. h3 Rbc8 20. Qd3 Red8 21. Rcd1
Rd7 22. Nb3 Nf4 23. Qb1 Rcd8 24. Rc1 Nxe4 25. Rxe4 Bxe4 26. Qxe4 f5 27. Qe3 Kh7
28. g3 Ne6 29. Nh4 h5 30. Qe2 Rf7 31. Bg2 e4 32. Bxg7 Kxg7 33. Bf1 Qe7 34. Qe3
Rb8 35. Ng2 Qb7 36. Rd1 Rd8 37. Nd4 Nxd4 38. Qxd4+ Kh7 39. Nf4 Kh6 40. Ne6 Rdd7
41. Qh8+ 1-0

[Event "7. Lichtenberger Sommer"]
[Site "Berlin"]
[Date "2008.08.23"]
[Round "8.35"]
[White "Merz, Rüdiger"]
[Black "Sabrowski, Uwe"]
[Result "1/2-1/2"]
[WhiteElo "1904"]
[BlackElo "2142"]
[PlyCount "87"]
[EventDate "2008.??.??"]
[WhiteTeam "SK Zehlendorf e.V."]
[BlackTeam "TSG Oberschöneweide e.V."]

1. e4 c5 2. Nf3 e6 3. d4 cxd4 4. Nxd4 Bc5 5. Nb3 Bb6 6. c4 Ne7 7. Nc3 O-O 8.
Bd3 f5 9. exf5 Nxf5 10. O-O Nc6 11. Ne4 d5 12. Bg5 Qe8 13. cxd5 exd5 14. Nec5
a5 15. Bb5 Qf7 16. Rc1 h6 17. Bd2 Nh4 18. Rc3 Bc7 19. f4 Qg6 20. Rg3 Qd6 21.
Bc3 Nf5 22. Rd3 d4 23. Bd2 b6 24. Ne4 Qg6 25. Ng3 Nb4 26. Bxb4 axb4 27. Nxd4
Ra5 28. Qb3+ Kh7 29. Qxb4 Bd6 30. Qc3 Bc5 31. a4 Nxd4 32. Rxd4 Qd6 33. Rfd1
Rxf4 34. Ne2 Rh4 35. g3 Rh5 36. Nf4 Rg5 37. Kf1 Bxd4 38. Rxd4 Qc5 39. Rc4 Rxb5
40. Rxc5 Rbxc5 41. Qb3 Rgf5 42. Ke2 g5 43. Nd3 Rc6 44. Nb4 1/2-1/2

[Event "7. Lichtenberger Sommer"]
[Site "Berlin"]
[Date "2008.08.23"]
[Round "8.36"]
[White "von Löhneysen, Leonard"]
[Black "Baranowsky, Peter"]
[Result "1-0"]
[WhiteElo "1995"]
[BlackElo "1836"]
[PlyCount "93"]
[EventDate "2008.??.??"]
[WhiteTeam "SK Zehlendorf e.V."]
[BlackTeam "BA Tempelhof"]

1. c4 Nf6 2. g3 c6 3. Bg2 e5 4. d4 exd4 5. Qxd4 Be7 6. Nc3 O-O 7. Bf4 Na6 8.
Nf3 Nb4 9. Qd2 d5 10. a3 Ne4 11. Nxe4 dxe4 12. axb4 exf3 13. Bxf3 Bh3 14. g4 f5
15. g5 g6 16. c5 a5 17. Rxa5 Rxa5 18. bxa5 Bxc5 19. b4 Be7 20. Rg1 Qc8 21. Rg3
Bg4 22. Bg2 Rd8 23. Rd3 Rxd3 24. exd3 Qe6+ 25. Kf1 Qb3 26. f3 Bxb4 27. Qe2 Kf7
28. fxg4 Bc5 29. Be3 Bxe3 30. Qxe3 Qd1+ 31. Kf2 Qxg4 32. d4 Qh4+ 33. Kg1 f4 34.
Qe5 Qg4 35. Qf6+ Kg8 36. Qd8+ Kf7 37. Qf6+ Kg8 38. Qd8+ Kf7 39. Qc7+ Kg8 40.
Qb8+ Kf7 41. Qxb7+ Kg8 42. Qxc6 Qd1+ 43. Bf1 Qxd4+ 44. Kh1 Qa1 45. Qe8+ Kg7 46.
Qe7+ Kg8 47. Qe6+ 1-0

[Event "7. Lichtenberger Sommer"]
[Site "Berlin"]
[Date "2008.08.23"]
[Round "8.37"]
[White "Grassi, Fabrizio"]
[Black "Pozzo, Sebastian C"]
[Result "1/2-1/2"]
[WhiteElo "1960"]
[BlackElo "1980"]
[PlyCount "41"]
[EventDate "2008.??.??"]
[WhiteTeam "SV Berlin-Friedrichstadt"]
[BlackTeam "Streatham"]

1. d4 Nf6 2. Bf4 g6 3. e3 Bg7 4. Nf3 d6 5. h3 Nbd7 6. Be2 a6 7. a4 b6 8. O-O
Bb7 9. Bh2 O-O 10. Nbd2 Ne4 11. Nxe4 Bxe4 12. Nd2 Bb7 13. Nf3 Bxf3 14. Bxf3 e5
15. dxe5 dxe5 16. e4 Qe7 17. Qd5 Rfd8 18. Rad1 Nc5 19. Qc6 Rab8 20. b4 Ne6 21.
c3 1/2-1/2

[Event "7. Lichtenberger Sommer"]
[Site "Berlin"]
[Date "2008.08.23"]
[Round "8.38"]
[White "Reiche, Henry"]
[Black "Newrkla, Alexander"]
[Result "1-0"]
[WhiteElo "2015"]
[BlackElo "2055"]
[PlyCount "71"]
[EventDate "2008.??.??"]
[WhiteTeam "SV Berolina Mitte e.V."]
[BlackTeam "Austria Wien"]

1. e4 c5 2. Nf3 d6 3. d4 cxd4 4. Nxd4 Nf6 5. Nc3 g6 6. Bb5+ Nfd7 7. O-O Bg7 8.
Be3 O-O 9. Qd2 a6 10. Be2 Nc6 11. Nxc6 bxc6 12. Bh6 Bxh6 13. Qxh6 Qb6 14. Rab1
Ne5 15. h3 Be6 16. Kh1 Bc4 17. Qd2 Rad8 18. f4 Bxe2 19. Qxe2 Nd7 20. f5 Kg7 21.
Rf3 Ne5 22. Rg3 h6 23. b3 Qa5 24. a4 Rh8 25. Rf1 Qc5 26. Nd1 Rb8 27. Ne3 Rb4
28. fxg6 Nxg6 29. Nf5+ Kf8 30. Rxg6 Ke8 31. Ng7+ Kd7 32. Qg4+ Kc7 33. Rxf7 Kb6
34. Rxe7 Rf8 35. Nf5 d5 36. Qg3 1-0

[Event "7. Lichtenberger Sommer"]
[Site "Berlin"]
[Date "2008.08.23"]
[Round "8.39"]
[White "Kapr, Klaus"]
[Black "Müller, Johannes"]
[Result "1-0"]
[WhiteElo "2059"]
[BlackElo "1789"]
[PlyCount "55"]
[EventDate "2008.??.??"]
[WhiteTeam "SC Friesen Lichtenberg e.V."]
[BlackTeam "SC Eintracht Berlin e.V."]

1. e4 c6 2. d4 d5 3. exd5 cxd5 4. c4 Nf6 5. Nc3 g6 6. Qb3 e6 7. Bg5 Nc6 8. Nf3
dxc4 9. Bxc4 Bg7 10. Rd1 O-O 11. Qc2 Qa5 12. O-O Nb4 13. Qd2 b6 14. Ne5 Nd7 15.
f4 h6 16. Be7 Re8 17. Bd6 Nxe5 18. fxe5 Ba6 19. Bxa6 Nxa6 20. Qf2 Nb4 21. Qxf7+
Kh7 22. Rf6 Nd5 23. Rxg6 Rg8 24. Rd3 Nxc3 25. Rxh6+ Kxh6 26. Rh3+ Kg5 27. Rg3+
Kh4 28. Be7+ 1-0

[Event "7. Lichtenberger Sommer"]
[Site "Berlin"]
[Date "2008.08.23"]
[Round "8.40"]
[White "Fiedler, Wolfgang"]
[Black "Friedrich, Wiede"]
[Result "0-1"]
[WhiteElo "1992"]
[BlackElo "2044"]
[PlyCount "118"]
[EventDate "2008.??.??"]
[WhiteTeam "SG Narva Berlin e.V."]
[BlackTeam "USV Potsdam e.V., Abt. Schach"]

1. e4 c5 2. Nf3 d6 3. d4 cxd4 4. Bc4 Nc6 5. O-O Nf6 6. Nxd4 e6 7. Nxc6 bxc6 8.
Qe2 Qc7 9. Nc3 Be7 10. Bf4 e5 11. Bg3 O-O 12. Kh1 Rb8 13. f3 Nh5 14. Bf2 Nf4
15. Qd2 Be6 16. Bxe6 Nxe6 17. Rab1 f5 18. Qe2 Qd7 19. Qc4 Rb7 20. Be3 Kh8 21.
Rfd1 f4 22. Bf2 Rf6 23. b4 Rh6 24. b5 c5 25. a4 Nd4 26. Rxd4 exd4 27. Nd5 Bh4
28. Rf1 Bg3 29. Bxg3 fxg3 30. Nf4 Rxh2+ 31. Kg1 Rh6 32. e5 Qf7 33. Qxf7 Rxf7
34. Ne2 dxe5 35. Nxg3 c4 36. Re1 Re6 37. Ne4 Rc7 38. Rd1 Kg8 39. a5 Ree7 40. f4
Rcd7 41. f5 d3 42. cxd3 Rxd3 43. Rc1 Rd4 44. Nc5 e4 45. Ne6 Rd5 46. Rxc4 Rxf5
47. Rc8+ Kf7 48. Nd8+ Kf6 49. Nc6 Rb7 50. Nd4 Rd5 51. Rc4 Ke5 52. a6 Rbd7 53.
Nc6+ Kf4 54. b6 axb6 55. Ra4 Rd1+ 56. Kh2 R7d5 57. g3+ Kf3 58. Ra3+ e3 59. g4
R5d2+ 0-1

[Event "7. Lichtenberger Sommer"]
[Site "Berlin"]
[Date "2008.08.23"]
[Round "8.41"]
[White "Tong, Lukas Fabian Chuan"]
[Black "Poseck, Steffen"]
[Result "0-1"]
[WhiteElo "1798"]
[BlackElo "2107"]
[PlyCount "90"]
[EventDate "2008.??.??"]
[WhiteTeam "SV Empor Berlin e.V."]
[BlackTeam "SC Rotation Pankow e.V."]

1. d4 Nf6 2. c4 g6 3. Nc3 d5 4. Nf3 Bg7 5. Bf4 c5 6. dxc5 Qa5 7. Qd2 dxc4 8. e3
O-O 9. Bxc4 Qxc5 10. Be2 Nc6 11. Rc1 Qa5 12. O-O Bf5 13. Rfd1 e5 14. Bg3 e4 15.
Nd4 Nxd4 16. Qxd4 Nh5 17. Qd5 Qxd5 18. Rxd5 Nxg3 19. fxg3 Rfd8 20. Rcd1 Rxd5
21. Rxd5 Rc8 22. Na4 Be6 23. Rc5 Rxc5 24. Nxc5 Bxa2 25. Nxe4 Bxb2 26. Nd6 Bd5
27. Bf3 Bxf3 28. gxf3 a5 29. Nxb7 a4 30. Nc5 a3 31. Nb3 a2 32. f4 a1=Q+ 33.
Nxa1 Bxa1 34. Kf2 f6 35. h4 Kf7 36. Kf3 Bc3 37. e4 Ke6 38. Kg4 Be1 39. Kh3 f5
40. exf5+ Kxf5 41. h5 Bd2 42. Kh4 Be3 43. Kh3 Bxf4 44. gxf4 Kxf4 45. hxg6 hxg6
0-1

[Event "7. Lichtenberger Sommer"]
[Site "Berlin"]
[Date "2008.08.23"]
[Round "8.42"]
[White "Krannich, Sven"]
[Black "Koch, Friedrich"]
[Result "0-1"]
[WhiteElo "1876"]
[BlackElo "2063"]
[PlyCount "54"]
[EventDate "2008.??.??"]
[WhiteTeam "USC Viadrina Frankfurt (Oder) e."]
[BlackTeam "SV Empor Berlin e.V."]

1. b4 e5 2. Bb2 f6 3. e4 Bxb4 4. Bc4 Ne7 5. f4 exf4 6. Ne2 d5 7. exd5 Nxd5 8.
O-O Bc5+ 9. Kh1 f3 10. Rxf3 Ne3 11. Rxe3+ Bxe3 12. Nbc3 Bc5 13. Nf4 Qd4 14.
Qh5+ Kd8 15. Bb3 Qxf4 16. Qxc5 Nd7 17. Qd5 Re8 18. Qf7 Qxd2 19. h3 Re1+ 20.
Rxe1 Qxe1+ 21. Kh2 Qe7 22. Qg8+ Qf8 23. Qxh7 Ne5 24. Ne4 Bd7 25. Bd4 b6 26. Qh5
Qe7 27. a4 Ng6 0-1

[Event "7. Lichtenberger Sommer"]
[Site "Berlin"]
[Date "2008.08.23"]
[Round "8.43"]
[White "Kießling, Beate"]
[Black "Mielke, Norman"]
[Result "1/2-1/2"]
[WhiteElo "1692"]
[BlackElo "2035"]
[PlyCount "72"]
[EventDate "2008.??.??"]
[WhiteTeam "Queer-Springer SSV Berlin"]
[BlackTeam "Schachgemeinschaft  Wedding e.V."]

1. d4 d5 2. Nf3 Nf6 3. e3 e6 4. Bd3 c5 5. c3 Nc6 6. Nbd2 Bd6 7. Qe2 O-O 8. dxc5
Bxc5 9. e4 h6 10. e5 Ng4 11. O-O Qc7 12. Nb3 Bb6 13. Nbd4 Ngxe5 14. Nxe5 Nxe5
15. Bf4 f6 16. Rae1 Bd7 17. Bxe5 fxe5 18. Qxe5 Qxe5 19. Rxe5 Rf6 20. Rfe1 Raf8
21. R1e2 Bxd4 22. cxd4 Rf4 23. Rd2 Rc8 24. g3 Rc1+ 25. Kg2 Rf8 26. Ree2 g5 27.
Rc2 Rxc2 28. Rxc2 Bc6 29. Re2 Bd7 30. Rc2 Bc6 31. Be2 Kf7 32. f4 Kg6 33. Kf3 e5
34. dxe5 d4+ 35. Rxc6+ bxc6 36. Bd3+ Kg7 1/2-1/2

[Event "7. Lichtenberger Sommer"]
[Site "Berlin"]
[Date "2008.08.23"]
[Round "8.44"]
[White "Hesselbarth, Karlheinz"]
[Black "Gebert, Ralf"]
[Result "1-0"]
[WhiteElo "1857"]
[BlackElo "2081"]
[PlyCount "67"]
[EventDate "2008.??.??"]
[WhiteTeam "SC Zugzwang 95 e.V."]
[BlackTeam "SG Güstrow/Teterow"]

1. d4 e6 2. c4 b6 3. Nc3 Bb7 4. e3 g6 5. Nf3 Bg7 6. Bd3 Nf6 7. O-O d6 8. Qe2
Nbd7 9. Rd1 O-O 10. e4 Re8 11. h3 e5 12. d5 Nh5 13. g3 Nc5 14. Bc2 Bc8 15. Kh2
Qd7 16. Ng1 Qe7 17. b4 Na6 18. a3 Rf8 19. Be3 f5 20. exf5 Bxf5 21. Ne4 Bd7 22.
c5 Nb8 23. Nf3 bxc5 24. bxc5 a5 25. Rab1 Na6 26. Bd3 Bc8 27. Rb5 Qd7 28. Nfg5
h6 29. Ne6 c6 30. dxc6 Qxc6 31. Nxf8 Bxf8 32. Rb6 Qd7 33. g4 Kh8 34. Bxa6 1-0

[Event "7. Lichtenberger Sommer"]
[Site "Berlin"]
[Date "2008.08.23"]
[Round "8.45"]
[White "Gohlke, Herbert"]
[Black "Schmalzried, Volker"]
[Result "1-0"]
[WhiteElo "2089"]
[BlackElo "1758"]
[PlyCount "67"]
[EventDate "2008.??.??"]
[WhiteTeam "SG Lok Brandenburg, Abt. Schach"]
[BlackTeam "Umweltbundesamt"]

1. e4 g6 2. d4 Bg7 3. c3 c5 4. d5 d6 5. Bd3 Nf6 6. Ne2 O-O 7. f3 e5 8. Be3 Bd7
9. Nd2 b5 10. h3 a5 11. O-O Na6 12. g4 h5 13. Qe1 Nh7 14. Kh2 hxg4 15. fxg4 Bf6
16. Nf3 c4 17. Bc2 Nc5 18. Qd2 Rb8 19. a3 Bg7 20. Ng3 Na6 21. Qf2 Bc8 22. Rg1
Qe7 23. Qe2 Bf6 24. Raf1 Ng5 25. Qd2 Nh7 26. Rg2 Bd7 27. Bh6 Bg7 28. Nf5 Bxf5
29. gxf5 Rb7 30. Bxg7 Kxg7 31. Ng5 Nxg5 32. f6+ Qxf6 33. Rxf6 Kxf6 34. Qxg5+
1-0

[Event "7. Lichtenberger Sommer"]
[Site "Berlin"]
[Date "2008.08.23"]
[Round "8.46"]
[White "Plicka, Jiri"]
[Black "Baumeister, Wolfgang"]
[Result "1/2-1/2"]
[WhiteElo "1941"]
[BlackElo "1806"]
[PlyCount "78"]
[EventDate "2008.??.??"]
[WhiteTeam "SK Libehrad Libcice"]
[BlackTeam "SC Kreuzberg e.V."]

1. c4 e6 2. Nc3 d6 3. d4 f5 4. Nf3 Nf6 5. Bg5 h6 6. Bxf6 Qxf6 7. Qc2 g5 8. e3
g4 9. Nd2 h5 10. O-O-O c6 11. Nb3 a5 12. d5 a4 13. Nd2 a3 14. b3 Bg7 15. Ndb1
b5 16. dxc6 Nxc6 17. Rxd6 Bb7 18. cxb5 Nb4 19. Qd2 Rc8 20. Bc4 Rxc4 21. bxc4
O-O 22. Rd1 Be4 23. Rd8 Nxa2+ 24. Qxa2 Rxd8 25. Rxd8+ Qxd8 26. Nxe4 Bb2+ 27.
Kc2 fxe4 28. Nxa3 Be5 29. Qb3 Qh4 30. g3 Qxh2 31. Nb1 Qxf2+ 32. Nd2 Qxg3 33. c5
Kf7 34. Nxe4 Qg2+ 35. Kd3 Qf1+ 36. Kc2 Qg2+ 37. Kd3 Qf1+ 38. Kd2 Qg2+ 39. Kd3
Qf1+ 1/2-1/2

[Event "7. Lichtenberger Sommer"]
[Site "Berlin"]
[Date "2008.08.23"]
[Round "8.47"]
[White "Völker, Thomas"]
[Black "Richter, Götz"]
[Result "0-1"]
[WhiteElo "1766"]
[BlackElo "1997"]
[PlyCount "138"]
[EventDate "2008.??.??"]
[WhiteTeam "SF Friedrichshagen"]
[BlackTeam "Klub Kölner Schachfreunde e.V. 1"]

1. Nf3 g6 2. d4 Bg7 3. e4 d6 4. Nc3 Bg4 5. Be3 Nc6 6. Be2 e5 7. d5 Nce7 8. h3
Bxf3 9. Bxf3 Bh6 10. Qd2 Bxe3 11. Qxe3 h5 12. O-O-O Nf6 13. Be2 Nd7 14. g4 h4
15. f4 exf4 16. Qxf4 a6 17. Rhf1 Ne5 18. Rf2 Nc8 19. g5 Nb6 20. Nb1 Qe7 21. Nd2
Nbd7 22. Rdf1 O-O-O 23. Bg4 Rde8 24. Re1 Kb8 25. Re3 Rh7 26. Bxd7 Qxd7 27. b3
Qe7 28. Ree2 Rh5 29. Rg2 Qd8 30. Ref2 Qd7 31. Qe3 c6 32. dxc6 Qxc6 33. Rf6 Qc5
34. Qxc5 dxc5 35. Rd6 Kc7 36. Rd5 Kc6 37. c4 b5 38. Kc2 Nd7 39. Rf2 Rh7 40. Rf4
Nb6 41. Rd3 Nd7 42. Kc3 Ne5 43. Rd5 Re6 44. Rf6 Rxf6 45. gxf6 Nd7 46. e5 Rh5
47. Rd6+ Kc7 48. Rxa6 b4+ 49. Kc2 Rxe5 50. Ra7+ Kc6 51. Ra6+ Kb7 52. Rd6 Kc7
53. Ra6 Re3 54. Ra7+ Kd6 55. Ra6+ Ke5 56. Ra7 Nxf6 57. Re7+ Kd4 58. Rxf7 Ke5
59. Re7+ Kf4 60. Rf7 Kg5 61. Rc7 Rxh3 62. Rxc5+ Kg4 63. Rc6 Kg5 64. Rb6 Rc3+
65. Kd1 h3 66. Nf1 Ng4 67. Rxb4 Ne3+ 68. Kd2 Nxf1+ 69. Kxc3 h2 0-1

[Event "7. Lichtenberger Sommer"]
[Site "Berlin"]
[Date "2008.08.23"]
[Round "8.48"]
[White "Jaeger, Andre"]
[Black "Casny, Guenter"]
[Result "1/2-1/2"]
[WhiteElo "2019"]
[BlackElo "1903"]
[PlyCount "62"]
[EventDate "2008.??.??"]
[WhiteTeam "SC Rochade e.V."]
[BlackTeam "SC Rochade e.V."]

1. d4 Nf6 2. c4 g6 3. g3 Bg7 4. Bg2 O-O 5. Nc3 d6 6. Nf3 a6 7. O-O Bg4 8. Qb3
Qc8 9. e4 Bxf3 10. Bxf3 Nc6 11. Be3 Rb8 12. d5 Ne5 13. Bg2 c5 14. h3 b5 15.
cxb5 c4 16. Qc2 axb5 17. a4 b4 18. Nb5 Nd3 19. b3 Nd7 20. Rab1 N7e5 21. f4 cxb3
22. Qxc8 Rfxc8 23. Rxb3 Nc5 24. Bxc5 dxc5 25. fxe5 Bxe5 26. Rd1 Ra8 27. d6 exd6
28. Nxd6 Rd8 29. Rbd3 Rxa4 30. Nc4 Rxd3 31. Rxd3 Bd4+ 1/2-1/2

[Event "7. Lichtenberger Sommer"]
[Site "Berlin"]
[Date "2008.08.23"]
[Round "8.49"]
[White "Muskewitz, Bernd"]
[Black "Bandsom, Olaf"]
[Result "1-0"]
[WhiteElo "2030"]
[BlackElo "1774"]
[PlyCount "65"]
[EventDate "2008.??.??"]
[WhiteTeam "TSG Oberschöneweide e.V."]
[BlackTeam "SC Friesen Lichtenberg e.V."]

1. d4 d5 2. c4 e6 3. Nf3 Nf6 4. Nc3 a6 5. cxd5 exd5 6. Bg5 Be7 7. Qb3 c6 8. e3
O-O 9. Bd3 Ne4 10. Bxe7 Qxe7 11. Rc1 Nd7 12. O-O Ndf6 13. Rc2 Bf5 14. Ne5 Nc5
15. Qa3 Nfe4 16. Bxe4 dxe4 17. Qxc5 Qg5 18. Nd7 Rfd8 19. Nxe4 Qg6 20. Ne5 Qh6
21. Nxf7 Qg6 22. Ne5 Qe6 23. f3 Rd5 24. Qc3 Qh6 25. Rd2 c5 26. Nxc5 Rc8 27. f4
Be6 28. e4 Rdd8 29. d5 b6 30. dxe6 Rxd2 31. Qxd2 bxc5 32. Qd7 Rf8 33. e7 1-0

[Event "7. Lichtenberger Sommer"]
[Site "Berlin"]
[Date "2008.08.23"]
[Round "8.50"]
[White "Schüler, Wolfgang"]
[Black "Nekrasova, Kateryna"]
[Result "1/2-1/2"]
[WhiteElo "2061"]
[BlackElo "1788"]
[PlyCount "38"]
[EventDate "2008.??.??"]
[WhiteTeam "SC Friesen Lichtenberg e.V."]
[BlackTeam "SV Empor Berlin e.V."]

1. e4 c6 2. d4 d5 3. exd5 cxd5 4. c4 Nf6 5. Nc3 Nc6 6. Nf3 g6 7. Ne5 Bg7 8.
cxd5 Nxd5 9. Bb5 Nxc3 10. bxc3 Qa5 11. Qb3 Bxe5 12. dxe5 Be6 13. Qb4 Qxb4 14.
Bxc6+ bxc6 15. cxb4 a5 16. Bd2 axb4 17. Bxb4 Rxa2 18. O-O O-O 19. Rxa2 Bxa2
1/2-1/2

[Event "7. Lichtenberger Sommer"]
[Site "Berlin"]
[Date "2008.08.23"]
[Round "8.51"]
[White "Kleine, Peter"]
[Black "Pichler, Klaus"]
[Result "0-1"]
[WhiteElo "1903"]
[BlackElo "1871"]
[PlyCount "54"]
[EventDate "2008.??.??"]
[WhiteTeam "SV Berlin-Friedrichstadt"]

1. c4 Nf6 2. d4 e5 3. dxe5 Ng4 4. Nf3 Bc5 5. e3 Nc6 6. h3 Ngxe5 7. Be2 O-O 8.
O-O a5 9. a3 Ra6 10. Nc3 Nxf3+ 11. Bxf3 Ne5 12. Be2 Rg6 13. Bh5 Re6 14. b3 d6
15. Bb2 Qh4 16. Nd5 Rh6 17. Bxe5 dxe5 18. Bg4 f5 19. Bf3 c6 20. b4 Ba7 21. bxa5
Rd6 22. g3 Qd8 23. Qb3 e4 24. c5 Rxd5 25. Be2 Kh8 26. Rfd1 Rxd1+ 27. Rxd1 Qxa5
0-1